000 00431nam a2200181Ia 4500
001 13602
005 20260306164813.0
008 260306t2022||||xx |||||||||||||| ||spa||
041 _aESP
082 _a005.1
_bC81 2022
100 _aCormen, Thomas H.
_eAUT
245 0 _aIntroduction to algorithms
260 _c2022
300 _axx, 1291 páginas :
_c23 cm.
650 _aGEN
654 _aCCC
942 _cLIB
_dJUS
_fJUS
_2ddc
_n
999 _c13602
_d13602